Normal view
MARC view
Entry Personal Name
001 - CONTROL NUMBER
- control field: 6431
003 - CONTROL NUMBER IDENTIFIER
- control field: BD-RjUL
005 - DATE AND TIME OF LATEST TRANSACTION
- control field: 20221226102534.0
008 - FIXED-LENGTH DATA ELEMENTS
- fixed length control field: 221226|| aca||aabn | a|a d
040 ## - CATALOGING SOURCE
- Original cataloging agency: BD-RjUL
- Transcribing agency: BD-RjUL
100 ## - HEADING--PERSONAL NAME
- Personal name: خالدي، مصطفى
670 ## - SOURCE DATA FOUND
- Source citation: Work cat.: (BD-RjUL)81014: خالدي، مصطفى, التبشير والاستعمار في البلاد العربية :altabshir waliastiemar fi albilad alearabiat :, ١٩٥٣ م. ١٣٧٢ هج.